000 00783nam a2200217 a 4500
001 000041943
005 20201002035838.0
008 131023s2002 sp 001 0 spa d
020 _a8400081137
040 _aDO-SdBNP
_bspa
_cBNPHU
082 _axxx
_bxxx
100 1 _aGonzález Calleja, Eduardo
_d1962-
_98535
245 1 3 _aLa Violencia en la Política. :
_bperspectivas teóricas sobre el empleo deliberado de la fuerza en los conflictos de poder /
_cEduardo González Calleja.
260 _aMadrid, :
_bConsejo Superior de Investigaciones Científicas,
_c2002.
300 _a630 p. ;
_c24 cm.
490 1 _aPoliteya
_v19
504 _aBibliografía p: 543-595
500 _aIncluye índice onomástico
500 _aIncluye índice analítico
830 0 _aPoliteya
_v19
_967596
999 _c41432
_d41432